Phương pháp dạy học kĩ thuật công nghiệp Phần đại cương

Tallennettuna:
Bibliografiset tiedot
Päätekijä: Trần, Sinh Thành
Muut tekijät: Nguyễn Văn Khôi (Tg)
Aineistotyyppi: Kirja
Kieli:Vietnamese
Julkaistu: H. Giáo dục 1999
Aiheet:
Tagit: Lisää tagi
Ei tageja, Lisää ensimmäinen tagi!
Thư viện lưu trữ: Mạng thư viện Đại học Đà Nẵng
LEADER 01192nam a2200349 4500
001 000014128
003 10483
005 20120329140304.0
008 120329s1999 viesd
020 |c 9500đ 
041 0 |a vie 
082 |a 371.3  |b TR-T 
100 0 |a Trần, Sinh Thành 
245 0 |a Phương pháp dạy học kĩ thuật công nghiệp  |b Phần đại cương  |c Trần Sinh Thành, Nguyễn Văn Khôi 
260 |a H.  |b Giáo dục  |c 1999 
300 |a 100 tr.  |c 27 cm 
500 |a Giáo trình dùng cho sinh viên trường Cao đẳng Sư phạm 
653 |a Phương pháp 
653 |a Dạy học 
653 |a Kĩ thuật công nghiệp 
653 |a Đại cương 
700 |a Nguyễn Văn Khôi  |e Tg 
OWN |a LSP 
AVA |a UDN50  |b LSP  |d 371.3 TR-T  |e available  |t Error 5001 Not defined in file expand_doc_bib_avail.  |f 5  |g 0  |h N  |i 0  |k 1 
999 |a From the UDN01 
AVA |a UDN50  |b LSP  |d 371.3 TR-T  |e available  |t Error 5001 Not defined in file expand_doc_bib_avail.  |f 5  |g 0  |h N  |i 0  |k 1 
TYP |a Monograph 
TYP |a Printed language 
980 |a Mạng thư viện Đại học Đà Nẵng